Challenges for Corporate Reputation - Online Reputation Management in Times of Global Pandemic
Otázka riadenia firemnej reputácie v turbulentnom prostredí ako veľká výzva pre marketingových manažérov. Pohľad na problematiku riadenia reputácie v prostredí internetu počas globálnej pandémie. Snaha o kvantifikáciu miery poškodenia dobrého mena spoločnosti alebo zlepšenie reputácie spoločností v...
Salvato in:
| Autore principale: | |
|---|---|
| Altri autori: | |
| Natura: | Capitolo di libro |
| Lingua: | inglese |
| Soggetti: | |
| Tags: |
Nessun Tag, puoi essere il primo ad aggiungerne!!
|
MARC
| LEADER | 00000naa a2200000 4500 | ||
|---|---|---|---|
| 001 | 0286710 | ||
| 005 | 20240618075010.9 | ||
| 041 | 0 | |a eng | |
| 044 | |a CH | ||
| 245 | 1 | 0 | |a Challenges for Corporate Reputation - Online Reputation Management in Times of Global Pandemic |c František Pollák, Peter Markovič |
| 520 | |a Otázka riadenia firemnej reputácie v turbulentnom prostredí ako veľká výzva pre marketingových manažérov. Pohľad na problematiku riadenia reputácie v prostredí internetu počas globálnej pandémie. Snaha o kvantifikáciu miery poškodenia dobrého mena spoločnosti alebo zlepšenie reputácie spoločností v priebehu času. | ||
| 610 | 2 | 0 | |a reputácia podniku |
| 610 | 2 | 0 | |a online reputačný manažment |
| 610 | 2 | 0 | |a firmy |
| 610 | 2 | 0 | |a obchod elektronický |
| 610 | 2 | 0 | |a riziko |
| 610 | 2 | 0 | |a pandémia |
| 610 | 2 | 0 | |a koronavírus |
| 100 | 1 | |a Pollák, František, 1985- | |
| 700 | 1 | |a Markovič, Peter, 1974- | |